LEADER 01177nam a2200193 i 4500 001 000000235416 003 CaOOAMICUS 005 20141106000000.0 008 141106s1781 it u000 u fre u 013 $a214320 026 $aurs. r-ls p-ue voil (3) 1780 (R) 040 $aSeMil$bita 245 10$aTome 4., 1. partie. Contenant l'Histoire du Droit francois; le Droit public de France; le Discours sur les libertes de l'Eglise gallicane, suivant l'edition de 1724; la version latine de deux Opuscules d'Origenes; . 300 $a[8], 426 p. 500 $aSegn. : pigreco4 A-N8 O4, A-2C8 2D6(-2D6). 773 0 $aFleury, Claude <1640-1723>$tOpuscules de m. l'abbé Fleury, prieur d'Argentueil, & confesseur du Roi, Louis 15. Tome 1. [-4., 2. partie].$dA Nismes : Chez Pierre Beaume, 1780-1781.$g4$w()30895 850 $aSeMil 852 $aSeMil$W1$xVenegono$y1$m3A III 46 FA$j185762$B185762$CSeMilBibl$Z2$F196671 $8I 996 $6245$aTome 4., 1. partie. Contenant l'Histoire du Droit francois; le Droit public de France; le Discours sur les libertes de l'Eglise gallicane, suivant l'edition de 1724; la version latine de deux Opuscules d'Origenes; .$9(OLS)http://semarc/title/335681 LEADER 00702nam a2200217 i 4500 001 000000162389 003 CaOOAMICUS 005 20070620000000.0 008 070620s2003 it u000 u ita u 013 $a139753 020 $a88-7135-174-6 040 $aSeMil$bita 245 10$a[7]. 300 $a356 p. :$briccamente ill. 500 $aDono di don Romano Martinelli. 773 0 $tVolto dei volti.$dGorle : Velar, 1998-$w()12623 850 $aSeMil 852 $aSeMil$W1$xVenegono$y1$m5T XVI 7$j113740$B113740$CSeMilBibl$Z2$F124369 $8I 961 $aOmaggio: Martinelli don Romano 996 $6020$a88-7135-174-6$9(OLS)http://semarc/number/78535 996 $6245$a[7]$9(OLS)http://semarc/title/146053